00977cam a22002655i 450000100090000000300050000900500170001400800410003101000170007202000180008904000230010704200080013005000220013810000260016024501310018624600500031725000170036726000340038430000410041850000710045965000450053065000480057570000520062370000360067518207590PILC20150601091042.0140701s2014 stka 000 0 eng  a 2014395542 a9789812729613 aDLCbengcDLCerda apcc aRT 69b.W354 20121 aWaugh, Anne,eauthor.10aRoss and Wilson anatomy and physiology colouring and workbook /cAnne Waugh, Allison Grant ; illustrations by Graeme Chambers.30aAnatomy and physiology colouring and workbook a3rd edition. aEdinburgh :bElsevier,c2012. a325 pages :c28 cm.billustrations ; aPrevious edition: Edinburgh: Churchill Livingstone Elsevier, 2010. 0aHuman anatomyvProblems, exercises, etc. 0aHuman physiologyvProblems, exercises, etc.1 aGrant, Allisonq(Allison Wynn),d1961-eauthor.1 aChambers, Graeme,eillustrator.